[Event "Benidorm op U2000 13th"]
[Site "Benidorm"]
[Date "2014.11.28"]
[Round "1"]
[White "Pascual Fuertes, Jose Enrique"]
[Black "Hall, Rachid"]
[Result "0-1"]
[WhiteElo "1738"]
[BlackElo "1987"]
[PlyCount "102"]
[EventDate "2014.11.28"]
[EventType "swiss"]
[EventRounds "10"]
[EventCountry "ESP"]
[SourceTitle "CBM 163 Extra"]
[Source "ChessBase"]
[SourceDate "2014.12.23"]
[SourceVersion "1"]
[SourceVersionDate "2014.12.23"]
[SourceQuality "1"]

1. Nf3 d5 2. d4 Nf6 3. Bf4 Nbd7 4. Nbd2 Ne4 5. Nxe4 dxe4 6. Nd2 Nf6 7. e3 Bf5 8. Be2 e6 9. 0-0 Be7 10. c4 c6 11. Qc2 0-0 12. Rfd1 Bd6 13. Be5 Qc7 14. Bxd6 Qxd6 15. Rac1 Rad8 16. Nf1 Rd7 17. Ng3 Bg6 18. Rd2 Rfd8 19. Rcd1 h5 20. h3 h4 21. Nf1 Nh7 22. Nh2 f5 23. Qb3 Bf7 24. f4 g5 25. Rf1 Qe7 26. Qd1 gxf4 27. Rxf4 Kh8 28. Qe1 c5 29. d5 exd5 30. Rxh4 d4 31. Rf4 Qg5 32. Bf1 Be6 33. Rdf2 Nf6 34. g4 Nh5 35. Rxf5 Bxf5 36. Rxf5 Qxe3+ 37. Qxe3 dxe3 38. Rxh5+ Kg7 39. Rxc5 Rd1 40. Kg2 R8d2+ 41. Kg3 e2 42. Rc7+ Kg6 43. Bxe2 Rxe2 44. Re7 Rd3+ 45. Kf4 Rxh3 46. Rxb7 Rhxh2 47. c5 Rhf2+ 48. Ke5 Rf7 49. Rxf7 Kxf7 50. g5 e3 51. Ke4 Rxb2 0-1

[Event "Benidorm op U2000 12th"]
[Site "Benidorm"]
[Date "2013.12.06"]
[Round "9"]
[White "Aliyev, Ravan"]
[Black "Hall, Rachid"]
[Result "0-1"]
[WhiteElo "1956"]
[BlackElo "1973"]
[PlyCount "112"]
[EventDate "2013.11.29"]
[EventType "swiss"]
[EventRounds "10"]
[EventCountry "ESP"]
[SourceTitle "CBM 157 Extra"]
[Source "ChessBase"]
[SourceDate "2013.12.19"]
[SourceVersion "1"]
[SourceVersionDate "2013.12.19"]
[SourceQuality "1"]

1. d4 Nf6 2. e3 d5 3. Bd3 Bg4 4. f3 Bc8 5. b3 b6 6. Bb2 Ba6 7. Bxa6 Nxa6 8. Qe2 Nb8 9. Nd2 e6 10. Nh3 Be7 11. Nf2 Nbd7 12. e4 0-0 13. e5 Nh5 14. g3 c5 15. f4 g6 16. c3 Rc8 17. Nd3 Ng7 18. Nf3 h5 19. 0-0-0 Nf5 20. Kb1 a5 21. Nf2 a4 22. Rdg1 axb3 23. axb3 b5 24. h3 Qa5 25. g4 Ra8 26. gxf5 Qa2+ 27. Kc2 c4 28. b4 Bxb4 29. cxb4 Qb3+ 30. Kd2 c3+ 31. Ke3 cxb2+ 32. Nd3 Ra3 33. Nd2 Qxb4 34. fxe6 Nb6 35. exf7+ Kxf7 36. Nf3 Rfa8 37. e6+ Ke8 38. Kf2 Qc3 39. Nde5 b1Q 40. Rxb1 Ra2 41. Rhe1 Rxe2+ 42. Rxe2 b4 43. Nxg6 Nc4 44. Rg1 Nd6 45. Nge5 Ne4+ 46. Kg2 b3 47. Kh2 Ra2 48. Rg8+ Ke7 49. Rg7+ Kxe6 50. Rg6+ Ke7 51. Rg7+ Kf8 52. Reg2 Rxg2+ 53. Rxg2 b2 54. Ng6+ Ke8 55. Rxb2 Qxb2+ 56. Kh1 Qf2 0-1

[Event "Benidorm op U2000 12th"]
[Site "Benidorm"]
[Date "2013.12.05"]
[Round "8"]
[White "Hall, Rachid"]
[Black "Del Mastro, Marco"]
[Result "1-0"]
[WhiteElo "1973"]
[BlackElo "1944"]
[PlyCount "69"]
[EventDate "2013.11.29"]
[EventType "swiss"]
[EventRounds "10"]
[EventCountry "ESP"]
[SourceTitle "CBM 157 Extra"]
[Source "ChessBase"]
[SourceDate "2013.12.19"]
[SourceVersion "1"]
[SourceVersionDate "2013.12.19"]
[SourceQuality "1"]

1. e4 g6 2. d4 Bg7 3. Nf3 d6 4. c4 Nf6 5. Bd3 0-0 6. 0-0 Bg4 7. h3 Bxf3 8. Qxf3 Nc6 9. d5 Nd4 10. Qd1 c5 11. Nc3 a6 12. Be3 Nd7 13. Rc1 Ne5 14. Bxd4 cxd4 15. Ne2 Qb6 16. f4 Nd7 17. b3 Nc5 18. Kh1 a5 19. Rb1 Qb4 20. a4 Qb6 21. Ng1 Qb4 22. Ne2 Rac8 23. Bc2 Qb6 24. Ng3 e6 25. dxe6 fxe6 26. f5 gxf5 27. exf5 e5 28. f6 d3 29. Qg4 Rc7 30. fxg7 Rf4 31. Rxf4 exf4 32. Nf5 d5 33. Qg5 Rd7 34. Qh6 Qxh6 35. Nxh6+ 1-0

[Event "Benidorm op U2000 11th"]
[Site "Benidorm"]
[Date "2012.12.02"]
[Round "3"]
[White "Hall, Rachid"]
[Black "Rico Sanchez, Julio"]
[Result "1-0"]
[WhiteElo "1964"]
[BlackElo "1859"]
[PlyCount "63"]
[EventDate "2012.11.30"]
[EventType "swiss"]
[EventRounds "10"]
[EventCountry "ESP"]
[SourceTitle "EXT 2014"]
[Source "ChessBase"]
[SourceDate "2013.11.20"]
[SourceVersion "1"]
[SourceVersionDate "2013.11.20"]
[SourceQuality "1"]

1. Nf3 Nf6 2. d4 b6 3. c4 Bb7 4. Nc3 e6 5. Bg5 Be7 6. e3 0-0 7. Bd3 d5 8. 0-0 Nbd7 9. Rc1 a6 10. a3 Ne4 11. Bf4 Ndf6 12. cxd5 exd5 13. Bxc7 Qd7 14. Bxb6 Bd6 15. b4 Rfc8 16. Bc5 Bb8 17. Ne5 Qe6 18. f4 Nd7 19. Nxe4 dxe4 20. Bc4 Bd5 21. f5 Qh6 22. Bxd5 Nxe5 23. dxe5 Bxe5 24. Bxf7+ Kh8 25. Qh5 Qxh5 26. Bxh5 Bb2 27. Rc4 Bxa3 28. Rxe4 a5 29. f6 g6 30. f7 Kg7 31. Bg4 Bxb4 32. Bxc8 1-0

[Event "Benidorm op U2200 10th"]
[Site "Benidorm"]
[Date "2011.12.09"]
[Round "9"]
[White "Hall, Rachid"]
[Black "Cartagena Sanchez, Javier"]
[Result "0-1"]
[WhiteElo "1998"]
[BlackElo "1982"]
[PlyCount "100"]
[EventDate "2011.12.02"]
[EventType "swiss"]
[EventRounds "10"]
[EventCountry "ESP"]
[SourceTitle "CBM 145 Extra"]
[Source "ChessBase"]
[SourceDate "2012.01.03"]
[SourceVersion "1"]
[SourceVersionDate "2012.01.03"]
[SourceQuality "1"]

1. e4 e5 2. Nf3 Nc6 3. Bb5 a6 4. Ba4 Nf6 5. 0-0 b5 6. Bb3 Be7 7. d4 0-0 8. Re1 d6 9. h3 exd4 10. a4 Na5 11. Nxd4 c5 12. Nf5 Nxb3 13. cxb3 Bxf5 14. exf5 Re8 15. Bf4 d5 16. Nd2 Qd7 17. g4 Bd6 18. Bg5 Rxe1+ 19. Qxe1 Re8 20. Qf1 Ne4 21. Nxe4 Rxe4 22. axb5 axb5 23. Qd3 Qc6 24. f3 Re8 25. Kg2 h6 26. Bd2 c4 27. bxc4 bxc4 28. Qf1 Be5 29. Rb1 Qf6 30. Qe1 Rb8 31. f4 Bd4 32. Bb4 Qb6 33. Ba5 Qb3 34. Rd1 Qxb2+ 35. Rd2 Bc3 36. Bxc3 Qxc3 37. Re2 Qxe1 38. Rxe1 c3 39. Kf3 d4 40. Rc1 Re8 41. h4 Re3+ 42. Kf2 Rd3 43. g5 Rd2+ 44. Kf1 c2 45. Ke1 Rh2 46. Ra1 Rh1+ 47. Kd2 Rxa1 48. Kxc2 Rf1 49. f6 g6 50. f5 Rxf5 0-1

[Event "Benidorm op U2200 10th"]
[Site "Benidorm"]
[Date "2011.12.07"]
[Round "7"]
[White "Baeza Garcia, Agustin"]
[Black "Hall, Rachid"]
[Result "0-1"]
[WhiteElo "1922"]
[BlackElo "1998"]
[PlyCount "88"]
[EventDate "2011.12.02"]
[EventType "swiss"]
[EventRounds "10"]
[EventCountry "ESP"]
[SourceTitle "CBM 145 Extra"]
[Source "ChessBase"]
[SourceDate "2012.01.03"]
[SourceVersion "1"]
[SourceVersionDate "2012.01.03"]
[SourceQuality "1"]

1. d4 Nf6 2. Nf3 g6 3. Nc3 d5 4. Bf4 a6 5. e3 Bg7 6. Be2 Nh5 7. Bg5 Nf6 8. Ne5 Ne4 9. Bf4 0-0 10. h4 Nxc3 11. bxc3 c5 12. Bf3 Nc6 13. Nd3 b6 14. h5 a5 15. hxg6 hxg6 16. Bh6 c4 17. Nf4 Bxh6 18. Rxh6 Kg7 19. Rh2 e6 20. Kd2 Rh8 21. Qh1 Bd7 22. Rxh8 Qxh8 23. Qxh8+ Rxh8 24. e4 dxe4 25. Bxe4 Ne7 26. g3 a4 27. Rb1 b5 28. Rh1 Rd8 29. Ke3 f5 30. Bf3 g5 31. Ne2 Ng6 32. Rh5 Kf6 33. Bg2 Be8 34. Rh7 Bf7 35. Bc6 Rb8 36. Ng1 Ne7 37. Bg2 Bg6 38. Rh2 b4 39. cxb4 Rxb4 40. Nf3 Rb2 41. Ne5 Rxc2 42. Bf1 Nd5+ 43. Kf3 g4+ 44. Kg2 Kg7 0-1

[Event "Benidorm op U2000 09th"]
[Site "Benidorm"]
[Date "2010.12.05"]
[Round "3"]
[White "Hall, Rachid"]
[Black "Gomez Manzano, Francisco Carlos"]
[Result "1-0"]
[WhiteElo "1987"]
[BlackElo "1845"]
[PlyCount "50"]
[EventDate "2010.12.03"]
[EventType "swiss"]
[EventRounds "10"]
[EventCountry "ESP"]
[SourceTitle "CBM 139 Extra"]
[Source "ChessBase"]
[SourceDate "2011.01.05"]
[SourceVersion "1"]
[SourceVersionDate "2011.01.05"]
[SourceQuality "1"]

1. d4 Nf6 2. c4 e6 3. Nf3 d5 4. Nc3 c6 5. e3 Bb4 6. Bd2 0-0 7. Bd3 Nbd7 8. 0-0 Re8 9. Nxd5 Bxd2 10. Nxf6+ Nxf6 11. Qxd2 Qc7 12. Rac1 h6 13. Bb1 a5 14. h3 a4 15. Qd3 g6 16. Ne5 c5 17. f4 cxd4 18. exd4 b6 19. Qe3 Kh7 20. Rf3 Rg8 21. Rg3 Bb7 22. Rf1 Nh5 23. Rg4 Qe7 24. f5 exf5 25. Rxf5 Rg7 1-0